[Event "BL 8283 Porz-Lasker"]
[Site "?"]
[Date "1983.??.??"]
[Round "?.1"]
[White "Wockenfuss, K."]
[Black "Miles, A."]
[Result "1/2-1/2"]
[WhiteElo "2390"]
[BlackElo "2565"]
[PlyCount "125"]
[EventDate "1983.??.??"]

1. d4 Nf6 2. c4 e6 3. Nc3 Bb4 4. g3 c5 5. Nf3 b6 6. Bg2 Bb7 7. O-O Bxc3 8. bxc3
Nc6 9. Bf4 Na5 10. Nd2 Bxg2 11. Kxg2 Nh5 12. Bd6 Nb7 13. e4 g6 14. dxc5 bxc5
15. Nb3 Qb6 16. Bxc5 Nxc5 17. Qd4 O-O 18. Nxc5 Rac8 19. Nb3 Qxd4 20. cxd4 Rxc4
21. Rfc1 Rfc8 22. Rxc4 Rxc4 23. Rc1 Ra4 24. Rc2 Nf6 25. e5 Nd5 26. Nc5 Rxd4 27.
Nxd7 Ne3+ 28. fxe3 Rxd7 29. Kf3 Rd5 30. Ke4 Ra5 31. h4 Ra4+ 32. Kf3 Kg7 33. Rb2
h6 34. Rc2 Ra5 35. Kf4 g5+ 36. hxg5 hxg5+ 37. Kxg5 Rxe5+ 38. Kf4 Ra5 39. g4 Kg6
40. Rh2 Ra4+ 41. Kf3 a6 42. Kg3 Ra3 43. Kf3 a5 44. Rb2 a4 45. Kf4 f6 46. Rc2
e5+ 47. Kf3 Kg5 48. Rb2 f5 49. gxf5 Kxf5 50. Rc2 e4+ 51. Ke2 Kg4 52. Kf2 Kh3
53. Rd2 Rc3 54. Rd4 Rc2+ 55. Ke1 Rxa2 56. Rxe4 Kg3 57. Kd1 Kf3 58. Re8 a3 59.
Ra8 Kxe3 60. Kc1 Kd3 61. Kb1 Rb2+ 62. Ka1 Kc3 63. Rxa3+ 1/2-1/2

[Event "BL 8283 Porz-Lasker"]
[Site "?"]
[Date "1983.??.??"]
[Round "?.2"]
[White "Marian, R."]
[Black "Paulsen, D."]
[Result "0-1"]
[WhiteElo "2325"]
[BlackElo "2330"]
[PlyCount "96"]
[EventDate "1983.??.??"]

1. d4 Nf6 2. Nf3 e6 3. c4 c5 4. dxc5 Bxc5 5. Nc3 O-O 6. a3 d5 7. Bg5 Qb6 8. e3
Ne4 9. Qc2 Nxc3 10. bxc3 Nc6 11. Be2 dxc4 12. Bxc4 Qc7 13. O-O b6 14. Rfd1 Bb7
15. Bf4 Qe7 16. Ng5 g6 17. Ne4 Na5 18. Ba2 Bxe4 19. Qxe4 Bxa3 20. Bh6 Rfe8 21.
Qe5 f6 22. Qb5 Rad8 23. Rd4 Bc5 24. Re4 Qd6 25. h4 Kf7 26. Rd4 Bxd4 27. exd4
Re7 28. Re1 Kg8 29. Qe2 Kh8 30. Bxe6 Rde8 31. Qf3 Rxe6 32. Qxf6+ Rxf6 33. Rxe8+
Rf8 34. Rxf8+ Qxf8 35. Bxf8 Kg8 36. Bb4 Nc4 37. Kf1 a5 38. Ke2 axb4 39. cxb4
Kf7 40. Kd3 b5 41. d5 Ke7 42. Ke4 Kd6 43. Kf4 h6 44. h5 gxh5 45. Kg3 Ne5 46.
Kh4 Nd3 47. Kxh5 Nxf2 48. Kxh6 Kxd5 0-1

[Event "BL 8283 Porz-Lasker"]
[Site "?"]
[Date "1983.??.??"]
[Round "?.3"]
[White "Grzesik, T."]
[Black "Schmidt, B."]
[Result "0-1"]
[WhiteElo "2330"]
[BlackElo "2355"]
[PlyCount "66"]
[EventDate "1983.??.??"]

1. e4 e6 2. d4 d5 3. Nc3 Bb4 4. Nge2 dxe4 5. a3 Bxc3+ 6. Nxc3 Nc6 7. Bb5 Nge7
8. Be3 O-O 9. Qd2 f5 10. O-O-O Nd5 11. Nxd5 exd5 12. Bxc6 bxc6 13. Bf4 a5 14.
h4 Rf7 15. Rh3 Qe7 16. Qc3 Ra6 17. h5 Bd7 18. Rdh1 Be8 19. Rg3 a4 20. Rhh3 Qd7
21. Rg5 h6 22. Rgg3 Kh7 23. Qb4 Ra8 24. Qd2 c5 25. Bxh6 gxh6 26. Rg6 f4 27. Rh4
Qf5 28. g3 e3 29. Qe2 Qe4 30. f3 Qxd4 31. gxf4 Rb8 32. c3 Qd2+ 33. Qxd2 exd2+
0-1

[Event "BL 8283 Porz-Lasker"]
[Site "?"]
[Date "1983.??.??"]
[Round "?.5"]
[White "Fette, M."]
[Black "Gerusel, M."]
[Result "1/2-1/2"]
[WhiteElo "2270"]
[BlackElo "2390"]
[PlyCount "35"]
[EventDate "1983.??.??"]

1. e4 c5 2. c3 d5 3. exd5 Qxd5 4. d4 Nf6 5. Nf3 Nc6 6. Be2 e6 7. O-O Be7 8. Be3
cxd4 9. cxd4 O-O 10. Nc3 Qd6 11. Qd2 Nd5 12. Nxd5 Qxd5 13. Rfd1 Bf6 14. a3 b6
15. Rac1 Bb7 16. b4 Rfd8 17. Bc4 Qh5 18. Be2 1/2-1/2

[Event "BL 8283 Markth'feld-HSK"]
[Site "?"]
[Date "1983.??.??"]
[Round "?.1"]
[White "Huebner, R."]
[Black "Goehring, K."]
[Result "1-0"]
[WhiteElo "2630"]
[BlackElo "2365"]
[PlyCount "67"]
[EventDate "1983.??.??"]

1. e4 c5 2. Nf3 Nc6 3. d4 cxd4 4. Nxd4 Nf6 5. Nc3 d6 6. Bc4 Qb6 7. Nb3 e6 8.
Be3 Qc7 9. Be2 a6 10. g4 h6 11. f4 b5 12. Bf3 Bb7 13. h4 O-O-O 14. Qe2 d5 15.
O-O-O dxe4 16. Nxe4 Nxe4 17. Bxe4 Rxd1+ 18. Rxd1 Be7 19. f5 Nb4 20. Bxb7+ Kxb7
21. fxe6 fxe6 22. a3 Nc6 23. Kb1 Rd8 24. Rf1 Rd7 25. Qg2 Bd6 26. Qe4 e5 27. Rc1
Kb8 28. h5 Qb7 29. Qg6 a5 30. Rd1 Qc7 31. Rd5 b4 32. Rb5+ Kc8 33. Bb6 Qb7 34.
Nxa5 1-0

[Event "BL 8283 Markth'feld-HSK"]
[Site "?"]
[Date "1983.??.??"]
[Round "?.3"]
[White "Reefschlaeger, H."]
[Black "Riefner, E."]
[Result "1/2-1/2"]
[WhiteElo "2380"]
[BlackElo "2245"]
[PlyCount "87"]
[EventDate "1983.??.??"]

1. d4 Nf6 2. c4 g6 3. g3 Bg7 4. Bg2 d5 5. cxd5 Nxd5 6. Nf3 O-O 7. O-O Nc6 8. e4
Nb6 9. d5 Na5 10. Na3 c6 11. Qe1 Nac4 12. Nxc4 Nxc4 13. Qe2 cxd5 14. exd5 Nb6
15. Rd1 Nxd5 16. Ne5 e6 17. Ng4 Qb6 18. Ne5 Qc7 19. Ng4 Bd7 20. Bh6 Bxh6 21.
Nxh6+ Kg7 22. Ng4 h5 23. Rac1 Qd6 24. Qe5+ Qxe5 25. Nxe5 Rfd8 26. Bxd5 exd5 27.
Rc7 Be6 28. Rxb7 Rdb8 29. Rxb8 Rxb8 30. Rd2 Kf6 31. f4 Rc8 32. Kf2 Kf5 33. Ke3
g5 34. Nf3 gxf4+ 35. gxf4 Kf6 36. Nd4 Rc1 37. a3 Bg4 38. Kf2 Rh1 39. Kg2 Re1
40. h3 Be6 41. Nf3 Re3 42. Kf2 Re4 43. Kg3 Re3 44. Kf2 1/2-1/2

[Event "BL 8283 Markth'feld-HSK"]
[Site "?"]
[Date "1983.??.??"]
[Round "?.5"]
[White "Jacoby, G."]
[Black "Meinberger, L."]
[Result "1/2-1/2"]
[WhiteElo "2270"]
[BlackElo "2240"]
[PlyCount "45"]
[EventDate "1983.??.??"]

1. c4 c5 2. Nf3 Nf6 3. Nc3 e6 4. e3 d5 5. cxd5 exd5 6. d4 Nc6 7. Be2 Be7 8. O-O
O-O 9. b3 Bg4 10. dxc5 Bxc5 11. Bb2 a6 12. Rc1 Ba7 13. Nd4 Bxd4 14. Bxg4 Be5
15. Ba3 Re8 16. Bf3 Qa5 17. Na4 Qc7 18. g3 Rad8 19. Bc5 Qd7 20. Bb6 Bc7 21. Nc5
Qc8 22. Bxc7 Qxc7 23. Nd3 1/2-1/2

[Event "BL 8283 Markth'feld-HSK"]
[Site "?"]
[Date "1983.??.??"]
[Round "?.8"]
[White "Jahr, U."]
[Black "Schacht, H."]
[Result "0-1"]
[WhiteElo "2240"]
[BlackElo "2220"]
[PlyCount "52"]
[EventDate "1983.??.??"]

1. e4 c5 2. Nf3 d6 3. d4 cxd4 4. Nxd4 Nf6 5. Nc3 a6 6. Bc4 e6 7. Bb3 b5 8. O-O
Bb7 9. a3 Nbd7 10. Ba2 Be7 11. Bxe6 fxe6 12. Nxe6 Qc8 13. Nxg7+ Kf7 14. Nf5 Nc5
15. Bg5 Qe6 16. Re1 Bf8 17. Qf3 Rg8 18. Bh4 Ncd7 19. Rad1 Rc8 20. Bxf6 Nxf6 21.
Nd5 Rc4 22. b3 Rxe4 23. Rxe4 Bxd5 24. Rxd5 Qxd5 25. Ng3 Rxg3 26. Qxg3 Qd1+ 0-1

[Event "BL 8283 Bochum-Zähringen"]
[Site "?"]
[Date "1983.??.??"]
[Round "?.1"]
[White "Herbrechtsmeier, C."]
[Black "Borik, O."]
[Result "1/2-1/2"]
[WhiteElo "2320"]
[BlackElo "2380"]
[PlyCount "101"]
[EventDate "1983.??.??"]

1. e4 c6 2. c4 d5 3. cxd5 cxd5 4. exd5 Nf6 5. Nc3 Nxd5 6. Nf3 Nc6 7. d4 e6 8.
Bd3 Be7 9. O-O O-O 10. Re1 Nf6 11. a3 b6 12. Bc2 Ba6 13. b4 Rc8 14. Bb2 Bc4 15.
Rc1 b5 16. Bd3 Bxd3 17. Qxd3 a6 18. Red1 Qb6 19. Ne5 Rfd8 20. Nxc6 Rxc6 21. Ne2
Nd5 22. Rxc6 Qxc6 23. Rc1 Qd7 24. Qg3 g6 25. h4 Rc8 26. h5 Bf8 27. hxg6 hxg6
28. Rc5 Bg7 29. Qb3 Nb6 30. Qc2 Nc4 31. Bc1 Rd8 32. a4 Bxd4 33. Nxd4 Qxd4 34.
axb5 axb5 35. Bg5 Qd1+ 36. Qxd1 Rxd1+ 37. Kh2 Rd5 38. Rc8+ Kg7 39. Be7 Rd7 40.
Bf8+ Kf6 41. Rb8 Na3 42. Bh6 Ke5 43. Bc1 Nc4 44. Rxb5+ Kd4 45. Rb8 Kc3 46. Bg5
e5 47. b5 Rd6 48. Bd8 Kd4 49. b6 Kd5 50. Bc7 Rd7 51. Re8 1/2-1/2

[Event "BL 8283 Bochum-Zähringen"]
[Site "?"]
[Date "1983.??.??"]
[Round "?.2"]
[White "Budde, V."]
[Black "Schuh, H."]
[Result "1-0"]
[WhiteElo "2335"]
[BlackElo "2305"]
[PlyCount "89"]
[EventDate "1983.??.??"]

1. c4 e6 2. Nc3 d5 3. d4 Nf6 4. Bg5 Be7 5. cxd5 exd5 6. Qc2 O-O 7. e3 Nbd7 8.
Bd3 c6 9. Nge2 Re8 10. O-O-O Nf8 11. Nf4 a5 12. Kb1 b5 13. Rhe1 Bd7 14. f3 a4
15. Bf5 a3 16. Bxd7 N8xd7 17. b3 Qa5 18. Rc1 Rac8 19. Qd3 Bb4 20. Re2 Bxc3 21.
Qxc3 b4 22. Qe1 c5 23. dxc5 Rxc5 24. Rxc5 Qxc5 25. Nd3 Qb5 26. Qd2 d4 27. e4
Rb8 28. Re1 h6 29. Bf4 Rc8 30. Nxb4 Nc5 31. Bd6 Ne6 32. Nd3 Qa6 33. Bb4 Ne8 34.
Rc1 Rxc1+ 35. Kxc1 N8c7 36. Qc2 Nb5 37. Qc4 Qb6 38. Kd2 Qb8 39. e5 Qb7 40. Nc5
Nxc5 41. Qxc5 Kh7 42. Bxa3 Nc3 43. Bb2 Nxa2 44. Qxd4 Nb4 45. Qe4+ 1-0

[Event "BL 8283 Bochum-Zähringen"]
[Site "?"]
[Date "1983.??.??"]
[Round "?.3"]
[White "Raupp, T."]
[Black "Bachmann, K."]
[Result "1-0"]
[WhiteElo "2245"]
[BlackElo "2295"]
[PlyCount "99"]
[EventDate "1983.??.??"]

1. c4 Nf6 2. Nc3 e5 3. Nf3 Nc6 4. g3 d5 5. cxd5 Nxd5 6. Bg2 Nb6 7. O-O Be7 8.
d3 O-O 9. Be3 Be6 10. Qc1 f5 11. Rd1 Bf6 12. Bc5 Rf7 13. b4 Rd7 14. Rb1 Nd4 15.
Ne1 c6 16. a4 Nd5 17. Bxd4 exd4 18. Nxd5 cxd5 19. Qb2 Rc8 20. Rbc1 Rc3 21. Rxc3
dxc3 22. Qb3 Qb6 23. d4 a5 24. Qxc3 axb4 25. Qb2 Qa5 26. Nd3 Qxa4 27. Rb1 Be7
28. Nxb4 Bxb4 29. Qxb4 Qxb4 30. Rxb4 Kf7 31. Kf1 Ke7 32. Ke1 Kd8 33. Kd2 Kc7
34. h4 Rd6 35. Ke3 Ra6 36. Kf4 Ra2 37. Bf3 Bd7 38. Ke5 b5 39. Rb3 g6 40. Rc3+
Kb6 41. Kd6 Be8 42. Bxd5 Rxe2 43. Re3 Rxe3 44. fxe3 b4 45. Bb3 Ka5 46. Kc5 Ba4
47. Kc4 Bxb3+ 48. Kxb3 Kb5 49. Kc2 Kc4 50. Kb2 {ZÜ} 1-0

[Event "BL 8283 Bochum-Zähringen"]
[Site "?"]
[Date "1983.??.??"]
[Round "?.4"]
[White "Wittmann, R."]
[Black "Bassler, M."]
[Result "0-1"]
[WhiteElo "2325"]
[BlackElo "2235"]
[PlyCount "110"]
[EventDate "1983.??.??"]

1. e4 c5 2. Nf3 e6 3. d4 cxd4 4. Nxd4 a6 5. Bd3 Qc7 6. O-O d6 7. Nc3 Nf6 8. f4
Be7 9. Qf3 Bd7 10. Be3 Nc6 11. a3 Rc8 12. Rae1 O-O 13. Nxc6 Bxc6 14. Qh3 e5 15.
f5 Rfd8 16. g4 h6 17. g5 hxg5 18. Bxg5 d5 19. exd5 Bc5+ 20. Be3 Bxd5 21. Bxc5
Qxc5+ 22. Qe3 e4 23. Qxc5 Rxc5 24. Nxd5 Rdxd5 25. Bxe4 Nxe4 26. Rxe4 Rxc2 27.
Rf2 Rxf2 28. Kxf2 Rxf5+ 29. Kg3 Rb5 30. b4 a5 31. h4 axb4 32. axb4 g6 33. Rc4
Kg7 34. Kg4 Kf6 35. Rf4+ Ke6 36. Re4+ Re5 37. Rd4 Re1 38. Rc4 Rg1+ 39. Kf4 f5
40. Kf3 Rb1 41. Kf4 Rh1 42. Kf3 Kd5 43. Rc7 Rxh4 44. Rxb7 Kc6 45. Rg7 Rg4 46.
Ke3 Kb5 47. Rb7+ Ka4 48. b5 Ka5 49. Kf3 Kb4 50. b6 Kc5 51. Rb8 Kc6 52. Ke3 Kb5
53. Kf2 Ka6 54. Kf3 Rb4 55. Rg8 Rxb6 {.../66/} 0-1

[Event "BL 8283 Bochum-Zähringen"]
[Site "?"]
[Date "1983.??.??"]
[Round "?.5"]
[White "Vatter, H."]
[Black "Heinbuch, D."]
[Result "0-1"]
[WhiteElo "2240"]
[BlackElo "2285"]
[PlyCount "68"]
[EventDate "1983.??.??"]

1. e4 c5 2. Nf3 Nc6 3. Bb5 g6 4. O-O Bg7 5. Re1 e5 6. Bxc6 dxc6 7. d3 Qe7 8. a4
a5 9. Na3 f6 10. Nc4 Be6 11. b3 Qc7 12. Be3 b6 13. Qc1 Ne7 14. Bh6 O-O 15. h3
g5 16. Bxg7 Kxg7 17. Nh2 Ng6 18. Nf1 h5 19. Ng3 Rh8 20. Ne3 Nh4 21. Qd1 Kg6 22.
Ngf1 Kg7 23. Ng3 Kg6 24. Ngf1 Kf7 25. Ng3 g4 26. hxg4 hxg4 27. Nxg4 Bxg4 28.
Qxg4 Rag8 29. Qe2 Kf8 30. Qf1 Qh7 31. Qe2 Rg5 32. d4 Ng6 33. Qa6 Qh2+ 34. Kf1
Nf4 0-1

[Event "BL 8283 Bochum-Zähringen"]
[Site "?"]
[Date "1983.??.??"]
[Round "?.7"]
[White "Kiefer, G."]
[Black "Ackermann, H."]
[Result "0-1"]
[WhiteElo "2230"]
[BlackElo "2255"]
[PlyCount "74"]
[EventDate "1983.??.??"]

1. e4 c5 2. Nf3 a6 3. c4 e6 4. Nc3 Qc7 5. d4 cxd4 6. Nxd4 Bd6 7. Qg4 Ne7 8. f4
Ng6 9. e5 Bb4 10. a3 Bxc3+ 11. bxc3 d6 12. exd6 Qxd6 13. Be2 Nc6 14. Nxc6 Qxc6
15. O-O O-O 16. Be3 Bd7 17. Rab1 Qe4 18. Bc5 Rfc8 19. Bd6 Bc6 20. Rbe1 Rd8 21.
c5 Qe3+ 22. Kh1 Qxc3 23. Rc1 Qxa3 24. Rcd1 Qa4 25. h4 Qe4 26. Bd3 Qe3 27. Rfe1
Qf2 28. Bxg6 hxg6 29. Re2 f5 30. Rxf2 fxg4 31. Kh2 a5 32. Ra1 a4 33. Ra3 Bd5
34. Kg3 Bb3 35. Kxg4 Rac8 36. Rd2 Rxc5 37. Bxc5 Rxd2 {.../47/} 0-1

[Event "BL 8283 Solingen-Koblenz"]
[Site "?"]
[Date "1983.??.??"]
[Round "?.2"]
[White "Kavalek, L."]
[Black "Schulz, KJ."]
[Result "1/2-1/2"]
[WhiteElo "2570"]
[BlackElo "2310"]
[PlyCount "80"]
[EventDate "1983.??.??"]

1. c4 Nf6 2. Nc3 c5 3. Nf3 d5 4. cxd5 Nxd5 5. e3 Nxc3 6. bxc3 g6 7. h4 Bg7 8.
h5 O-O 9. hxg6 hxg6 10. d4 Bg4 11. Be2 Nc6 12. Rb1 Rb8 13. d5 Bxf3 14. gxf3 Ne5
15. c4 Qa5+ 16. Kf1 Qxa2 17. Rb3 b5 18. cxb5 c4 19. Rb2 Qa1 20. Qc2 Nd3 21. Rb1
Qc3 22. Qxc3 Bxc3 23. Ba3 Rfd8 24. e4 Rd7 25. Bxd3 cxd3 26. Rb3 Be5 27. f4 Bxf4
28. Bb2 e5 29. dxe6 fxe6 30. Rh8+ Kf7 31. Rh7+ Ke8 32. Rxd7 Kxd7 33. Rxd3+ Ke7
34. Ra3 Rxb5 35. Rxa7+ Kd6 36. Bf6 e5 37. Rg7 Kc5 38. Rd7 Kc4 39. Kg2 Rb3 40.
Rd5 Rb5 1/2-1/2

[Event "BL 8283 Solingen-Koblenz"]
[Site "?"]
[Date "1983.??.??"]
[Round "?.3"]
[White "Wolf, V."]
[Black "Hecht, H."]
[Result "1/2-1/2"]
[WhiteElo "2245"]
[BlackElo "2455"]
[PlyCount "84"]
[EventDate "1983.??.??"]

1. e4 e5 2. Nf3 Nc6 3. Nc3 Nf6 4. d4 exd4 5. Nxd4 d6 6. Bb5 Bd7 7. O-O Be7 8.
Bxc6 bxc6 9. b3 O-O 10. Bb2 Re8 11. Qf3 Bf8 12. h3 c5 13. Nde2 g6 14. Nd5 Nxd5
15. exd5 Bg7 16. Bxg7 Kxg7 17. Rfe1 Qf6 18. Qxf6+ Kxf6 19. Ng3 a5 20. Ne4+ Kg7
21. Nc3 g5 22. a4 Rab8 23. Kf1 Bf5 24. Rac1 Rxe1+ 25. Kxe1 Rb4 26. Nb5 Kf6 27.
Nxc7 c4 28. Nb5 Ke5 29. Na3 cxb3 30. cxb3 Rxb3 31. Nc4+ Kxd5 32. Nxa5 Rb1 33.
Rxb1 Bxb1 34. Nb7 Bd3 35. Nd8 f6 36. g3 Kc5 37. h4 gxh4 38. gxh4 Kb4 39. Kd2
Bg6 40. Nb7 Kxa4 41. Nxd6 Kb4 42. Ke3 Kc5 1/2-1/2

[Event "BL 8283 Solingen-Koblenz"]
[Site "?"]
[Date "1983.??.??"]
[Round "?.4"]
[White "Borngaesser, R."]
[Black "Trauth, M."]
[Result "0-1"]
[WhiteElo "2320"]
[BlackElo "2235"]
[PlyCount "80"]
[EventDate "1983.??.??"]

1. e4 c5 2. Nf3 Nc6 3. d4 cxd4 4. Nxd4 Nf6 5. Nc3 g6 6. Be3 Bg7 7. f3 O-O 8.
Qd2 d5 9. Nxc6 bxc6 10. e5 Nd7 11. f4 e6 12. Na4 Nxe5 13. fxe5 Qh4+ 14. Qf2
Qxa4 15. Bc5 Re8 16. Bd3 Bxe5 17. O-O f5 18. c3 Bg7 19. Bb4 c5 20. Qxc5 Bd7 21.
Qf2 e5 22. Bc2 Qc6 23. Rad1 Be6 24. Bc5 Rac8 25. Bb4 d4 26. Bb3 Bxb3 27. axb3
Qb6 28. Kh1 a5 29. Ba3 Qxb3 30. cxd4 exd4 31. Rd2 Re4 32. h3 Bh6 33. Rdd1 Rc2
34. Qg1 Be3 35. Qh2 f4 36. h4 d3 37. Qh3 Qd5 38. Qf3 Re5 39. Rxd3 Qxd3 40. Rd1
Qxd1+ 0-1

[Event "BL 8283 Solingen-Koblenz"]
[Site "?"]
[Date "1983.??.??"]
[Round "?.7"]
[White "Koerholz, L."]
[Black "Bilek, M."]
[Result "0-1"]
[WhiteElo "2220"]
[BlackElo "2305"]
[PlyCount "84"]
[EventDate "1983.??.??"]

1. d4 e6 2. c4 Bb4+ 3. Nd2 d5 4. e3 Nf6 5. Ngf3 O-O 6. Bd3 dxc4 7. Bxc4 a6 8.
a3 Be7 9. O-O b5 10. Ba2 Bb7 11. Qe2 Nbd7 12. Rd1 c5 13. dxc5 Nxc5 14. Nb3 Qb6
15. Nxc5 Qxc5 16. Bd2 Qh5 17. Nd4 Qg6 18. f3 Qh5 19. Be1 e5 20. Nc2 e4 21. Nd4
Bc5 22. Bb4 Bxd4 23. Rxd4 exf3 24. Qf2 Rfe8 25. gxf3 Bxf3 26. Rf4 Rxe3 27. Qxe3
Qg5+ 28. Kf1 Qg2+ 29. Ke1 Re8 30. Be7 Bh5 31. Rc1 Qb7 32. Rd4 Qh1+ 33. Kd2
Qxh2+ 34. Kc3 b4+ 35. axb4 Qb8 36. Bxf6 Rxe3+ 37. Rd3 Rxd3+ 38. Kxd3 gxf6 39.
Rc5 Bg6+ 40. Kc3 Qg3+ 41. Kc4 Qf4+ 42. Kc3 Qe3+ 0-1

[Event "BL 8283 Zähringen-Solingen"]
[Site "?"]
[Date "1983.??.??"]
[Round "?.1"]
[White "Spassky, B."]
[Black "Herbrechtsmeier, C."]
[Result "1/2-1/2"]
[WhiteElo "2610"]
[BlackElo "2320"]
[PlyCount "55"]
[EventDate "1983.??.??"]

1. e4 e5 2. Nf3 Nc6 3. Bb5 a6 4. Ba4 Nf6 5. O-O Be7 6. Re1 b5 7. Bb3 O-O 8. c3
Bb7 9. d4 d6 10. Nbd2 Re8 11. Ng5 Rf8 12. Nf1 Na5 13. Bc2 c5 14. Ng3 g6 15. Nf3
Qc7 16. Bh6 Rfd8 17. d5 Ne8 18. b3 Bc8 19. Qe2 Ng7 20. c4 Rb8 21. Bd3 Bd7 22.
Qc2 Rdc8 23. h3 f6 24. Nh2 Nb7 25. f4 exf4 26. Bxf4 Qd8 27. Nf5 gxf5 28. exf5
1/2-1/2

[Event "BL 8283 Zähringen-Solingen"]
[Site "?"]
[Date "1983.??.??"]
[Round "?.2"]
[White "Schuh, H."]
[Black "Kavalek, L."]
[Result "1/2-1/2"]
[WhiteElo "2305"]
[BlackElo "2570"]
[PlyCount "142"]
[EventDate "1983.??.??"]

1. c4 e6 2. Nf3 d5 3. d4 Nf6 4. Nc3 Nbd7 5. Bg5 c6 6. cxd5 exd5 7. Qc2 Bd6 8.
e3 Nf8 9. Bd3 Ng6 10. Nh4 O-O 11. h3 h6 12. Bxf6 Qxf6 13. Nf3 Ne7 14. Rb1 Bf5
15. b4 a6 16. Na4 b5 17. Nc5 a5 18. a3 axb4 19. axb4 Bxc5 20. dxc5 Ra3 21. Bxf5
Nxf5 22. O-O Rfa8 23. Qb2 Qxb2 24. Rxb2 f6 25. g4 Ne7 26. Kg2 Ng6 27. Rd1 Ne5
28. Nxe5 fxe5 29. e4 d4 30. f4 exf4 31. Rxd4 Rg3+ 32. Kf2 Rxh3 33. Rbd2 Raa3
34. e5 Rh2+ 35. Kg1 Rxd2 36. Rxd2 Re3 37. Rd4 Rxe5 38. Rxf4 Re2 39. Rd4 Rb2 40.
g5 hxg5 41. Rd6 Rxb4 42. Rxc6 Rc4 43. Rc8+ Kf7 44. c6 Ke6 45. Rb8 Rxc6 46. Rxb5
Kf6 47. Kg2 Rc3 48. Ra5 Kg6 49. Rb5 Kh5 50. Rb7 g6 51. Rb6 g4 52. Ra6 Kh4 53.
Ra2 Rg3+ 54. Kh2 Rf3 55. Kg2 Rb3 56. Rc2 g5 57. Ra2 Rb4 58. Rc2 g3 59. Rc7 Rb2+
60. Kg1 Kg4 61. Ra7 Re2 62. Rb7 g2 63. Rb3 Kf4 64. Ra3 Re3 65. Rxe3 Kxe3 66.
Kxg2 Kf4 67. Kf2 g4 68. Kg2 g3 69. Kg1 Kf3 70. Kf1 g2+ 71. Kg1 Kg3 1/2-1/2

[Event "BL 8283 Zähringen-Solingen"]
[Site "?"]
[Date "1983.??.??"]
[Round "?.3"]
[White "Hecht, H."]
[Black "Raupp, T."]
[Result "1-0"]
[WhiteElo "2455"]
[BlackElo "2245"]
[PlyCount "49"]
[EventDate "1983.??.??"]

1. e4 c5 2. Nf3 e6 3. Nc3 a6 4. g3 Nc6 5. Bg2 d6 6. O-O Nge7 7. Ne2 Bd7 8. c3
c4 9. b3 b5 10. d4 cxd3 11. Qxd3 Nc8 12. Ned4 Be7 13. Qe2 O-O 14. Rd1 Qc7 15.
e5 Nxd4 16. Nxd4 Rb8 17. Bf4 Rd8 18. Rac1 dxe5 19. Bxe5 Bd6 20. Nf3 Bc6 21. c4
Bxe5 22. Qxe5 Nd6 23. cxb5 Rxb5 24. Qc3 Rc8 25. Nd4 1-0

[Event "BL 8283 Zähringen-Solingen"]
[Site "?"]
[Date "1983.??.??"]
[Round "?.4"]
[White "Bassler, M."]
[Black "Borngaesser, R."]
[Result "0-1"]
[WhiteElo "2235"]
[BlackElo "2320"]
[PlyCount "76"]
[EventDate "1983.??.??"]

1. e4 e6 2. d3 d5 3. Nd2 Nf6 4. Ngf3 b6 5. e5 Nfd7 6. g3 c5 7. Qe2 Nc6 8. Nb3
Ba6 9. c4 dxc4 10. dxc4 Bb7 11. Rg1 Qc7 12. Bf4 h6 13. h4 g5 14. hxg5 hxg5 15.
Nxg5 Bg7 16. Bg2 Bxe5 17. Be3 a5 18. a4 Nb4 19. f4 Bxb2 20. Rd1 Bc3+ 21. Bd2
Nc2+ 22. Kf1 Nd4 23. Nxd4 Bxd4 24. Be3 Bxg2+ 25. Qxg2 Rd8 26. Bxd4 cxd4 27.
Rxd4 Nf6 28. Rxd8+ Qxd8 29. Qc6+ Kf8 30. Qf3 Qd4 31. Qe2 Ng4 32. Nf3 Qc5 33.
Ke1 Nh2 34. Rg2 Nxf3+ 35. Qxf3 Rh1+ 36. Kd2 Qb4+ 37. Ke3 Qc3+ 38. Ke4 f5# 0-1

[Event "BL 8283 Zähringen-Solingen"]
[Site "?"]
[Date "1983.??.??"]
[Round "?.6"]
[White "Vogel, R."]
[Black "Dueball, J."]
[Result "1/2-1/2"]
[WhiteElo "2245"]
[BlackElo "2455"]
[PlyCount "96"]
[EventDate "1983.??.??"]

1. d4 Nf6 2. c4 g6 3. Nc3 Bg7 4. e4 d6 5. f3 O-O 6. Be3 e5 7. d5 Nh5 8. Qd2 f5
9. O-O-O Nd7 10. Nge2 Ndf6 11. exf5 gxf5 12. Rg1 Kh8 13. Bg5 Qe8 14. h3 f4 15.
g4 fxg3 16. Nxg3 Nxg3 17. Rxg3 Nh5 18. Rg1 Nf4 19. Bd3 Nxd3+ 20. Qxd3 Qh5 21.
Rg3 Bf5 22. Qd2 Bg6 23. Qg2 Rf7 24. Ne4 Raf8 25. Nd2 e4 26. f4 Bxb2+ 27. Kxb2
Qxd1 28. Qf2 e3 29. Qxe3 Qc2+ 30. Ka3 c5 31. dxc6 bxc6 32. Qd4+ Kg8 33. Bh6 Rb8
34. Nb3 Re8 35. Qxd6 Qe4 36. h4 Kh8 37. Rg5 Qe7 38. c5 Qxd6 39. cxd6 Rf5 40. h5
Rxg5 41. Bxg5 Bf5 42. Nc5 Re3+ 43. Kb4 h6 44. Bf6+ Kg8 45. d7 Bxd7 46. Nxd7
Re4+ 47. Kc5 Rxf4 48. Kxc6 Ra4 1/2-1/2

[Event "BL 8283 Zähringen-Solingen"]
[Site "?"]
[Date "1983.??.??"]
[Round "?.7"]
[White "Bilek, M."]
[Black "Kiefer, G."]
[Result "1/2-1/2"]
[WhiteElo "2305"]
[BlackElo "2230"]
[PlyCount "38"]
[EventDate "1983.??.??"]

1. Nf3 Nf6 2. b3 d5 3. Bb2 Bf5 4. e3 e6 5. Be2 Bd6 6. O-O Nbd7 7. c4 h6 8. Nc3
c6 9. d3 Qe7 10. Re1 O-O 11. Bf1 Bg4 12. e4 dxe4 13. Nxe4 Nxe4 14. Rxe4 Bf5 15.
Re3 Nf6 16. h3 Ba3 17. Qc1 Bxb2 18. Qxb2 Rfd8 19. d4 Be4 1/2-1/2

[Event "BL 8283 Koblenz-Bochum"]
[Site "?"]
[Date "1983.??.??"]
[Round "?.1"]
[White "Borik, O."]
[Black "Doncevic, D."]
[Result "1/2-1/2"]
[WhiteElo "2380"]
[BlackElo "2275"]
[PlyCount "112"]
[EventDate "1983.??.??"]

1. d4 Nf6 2. c4 g6 3. Nc3 d5 4. cxd5 Nxd5 5. e4 Nxc3 6. bxc3 c5 7. Be3 Bg7 8.
Rc1 Qa5 9. Qd2 O-O 10. Nf3 Bg4 11. Be2 Nc6 12. d5 Rad8 13. O-O e6 14. Qb2 Bxf3
15. Bxf3 exd5 16. Qxb7 Ne5 17. exd5 Rd7 18. Qb3 c4 19. Qb4 Nxf3+ 20. gxf3 Qxd5
21. Rfd1 Qxf3 22. Rxd7 Qg4+ 23. Kf1 Qxd7 24. Qxc4 Qh3+ 25. Ke2 Qxh2 26. Bxa7
Re8+ 27. Kd3 Qh3+ 28. Be3 Bh6 29. Re1 Qf5+ 30. Ke2 Bxe3 31. fxe3 Rc8 32. Qd3
Qg5 33. Rf1 Qa5 34. Rc1 Qxa2+ 35. Rc2 Qa8 36. e4 Re8 37. Kf3 Qc8 38. c4 Qh3+
39. Ke2 Qg2+ 40. Ke3 Qg5+ 41. Kf3 Rd8 42. Qe3 Qh5+ 43. Kg3 Qe5+ 44. Kf3 Rd6 45.
c5 Rc6 46. Qc3 Qh5+ 47. Ke3 Qh3+ 48. Kd4 Qd7+ 49. Kc4 Qe6+ 50. Kd4 Rc8 51. c6
Qd6+ 52. Ke3 Qg3+ 53. Ke2 Qg2+ 54. Ke3 Qg3+ 55. Ke2 Qg2+ 56. Ke3 Qg3+ 1/2-1/2

[Event "BL 8283 Koblenz-Bochum"]
[Site "?"]
[Date "1983.??.??"]
[Round "?.2"]
[White "Schulz, KJ."]
[Black "Budde, V."]
[Result "0-1"]
[WhiteElo "2310"]
[BlackElo "2335"]
[PlyCount "81"]
[EventDate "1983.??.??"]

1. e4 c5 2. Nf3 e6 3. d4 cxd4 4. Nxd4 Nf6 5. Nc3 d6 6. g4 h6 7. h4 Nc6 8. Rg1
h5 9. g5 Ng4 10. Be2 Qb6 11. Bxg4 hxg4 12. Nxc6 bxc6 13. Qxg4 d5 14. g6 f6 15.
exd5 cxd5 16. h5 d4 17. Ne2 e5 18. Qf3 Bb7 19. Qf5 Bd5 20. h6 Qc6 21. Bd2 Rb8
22. b3 Be4 23. Qh3 Rb7 24. h7 Bxc2 25. Rc1 Rb6 26. Rg3 f5 27. Rd3 Be7 28. Ng3
f4 29. Ne2 Bf6 30. b4 Ke7 31. Ra3 a6 32. Ra5 d3 33. Rc5 Qe6 34. Rc7+ Kd6 35.
Qxe6+ Kxe6 36. Nc3 Kf5 37. Nd5 Rd6 38. Nxf6 Kxf6 39. a4 Kxg6 40. b5 Rxh7 41. f3
0-1